000 00723nam a2200217Ia 4500
003 GCL
005 20240530101806.0
008 140319s9999 xx 000 0 ara d
040 _aGCL /
_cGCL
082 0 4 _a364.2
_bم ج
100 1 _aمحمد محمد شفيق
245 1 0 _aالجريمة والمجتمع /
_cمحمد محمد شفيق
260 _aالقاهرة :
_bالمكتب الجامعى الحديث ،
_c1987
300 _a282 ص ؛
_c24 سم
650 0 4 _aالجريمة والمجرمون
650 0 4 _aالخدمة الاجتماعية
650 0 4 _aعلم النفس الجنائى
650 0 4 _aالاجتماع الجنائى
650 0 4 _aالدفاع الاجتماعى
942 _2ddc
_cBK
999 _c27726
_d27726